| 000 | 00976nam a2200205Ia 4500 | ||
|---|---|---|---|
| 001 | 11537 | ||
| 003 | GE_BSU | ||
| 008 | 181216s||||||||xx |||||||||||||| ||und|| | ||
| 040 | _cGE_BSU | ||
| 080 | _a015(079.22)+016:002.2(479.22) | ||
| 245 | _aქართული წიგნი. | ||
| 245 | _bბიბლიოგრაფია.ტ.2. 1921–1945 ნაკვ.III.საძიებლები. | ||
| 245 | _cწიგნი შედგენილია პალატის მუშაკების:თ.ჩუბინიძის; ე.დიასამიძის; თ.ნაკაშიძის და ვ.ჯოჯუას მიერ; რედ:ვ.გოგოლაძე; მხატვარი:ლ.გრიგოლია. | ||
| 260 | _aთბილისი. | ||
| 260 | _bტექნიკა და შრომა. | ||
| 260 | _c1954. | ||
| 300 | _a161გვ;30სმ. | ||
| 653 | _aქართული წიგნი. | ||
| 942 | _cBK | ||
| 999 |
_c44732 _d44732 |
||